Logistika /

Gespeichert in:
Bibliographische Detailangaben
Hauptverfasser: Macurová, Pavla (Verfasst von), Klabusayová, Naděžda (Verfasst von), Tvrdoň, Leo (Verfasst von)
Format: Buch
Sprache:Tschechisch
Veröffentlicht: Ostrava VŠB-TU 2018
Ausgabe:2. upr. a dopl. vyd.
Schlagworte:
Tags: Tag hinzufügen
Keine Tags, Fügen Sie das erste Tag hinzu!

MARC

LEADER 00000nam a22000003a 4500
001 0079254
003 SK-STU
005 20200110140734.7
007 ta
008 200110s ----xo-----e------000-0-----d
020 |a 978-80-248-4158-8 
040 |a STU  |b slo 
041 0 |a cze 
044 |a xr 
100 1 |a Macurová, Pavla  |4 aut 
245 1 0 |a Logistika /  |c aut. Pavla Macurová, Naděžda Klabusayová, Leo Tvrdoň 
250 |a 2. upr. a dopl. vyd. 
260 |a Ostrava  |b VŠB-TU  |c 2018 
300 |a 342 s. 
650 0 7 |a logistika 
700 1 |a Klabusayová, Naděžda  |4 aut 
700 1 |a Tvrdoň, Leo  |4 aut 
996 |b 284M088296  |c M* 14290-1  |l MMST  |s A  |a 24  |w 0079254_0001